000 00644nam a22001935i 4500
001 166050
003 ES-MaACL
005 20250724063435.0
008 940206s1899 fr |||| | fre d
040 _aCAM
_bspa
100 1 _aTarde, Gabriel de,
_d1843-1904
_9133127
245 1 4 _aLes transformations du pouvoir /
_cG. Tarde.
260 _aParis :
_bFélix Alcan,
_c1899.
300 _aX, 266 p. ;
_c22 cm.
490 1 _aBibliothèque générale des sciences sociales ;
_v4
830 0 0 _aBibliothèque générale des sciences sociales
_v4
_9187778
852 _aES-MaACL
_jC-23084
_z-- Enc. ed. en tela
999 _c166050
_d166050